| 000 | 00838 a2200229 4500 | ||
|---|---|---|---|
| 020 | _a0767404971 | ||
| 040 |
_aDLC _bDLC |
||
| 082 | 0 | 0 | _a808/.042 |
| 100 | 1 | _aKeene, Michael L. | |
| 245 | 1 | 0 |
_aEasy access: the reference handbook for writers _bthe reference handbook for writers _cMichael L. Keene, Katherine H. Adams. |
| 250 | _a2nd ed. | ||
| 260 |
_aMountain View, Calif. : _bMayfield Pub. Co., _cc1999. |
||
| 300 |
_axxxii, 476 p. ; _c22 cm. |
||
| 500 | _aRev. ed. of: The easy access handbook, c1996. | ||
| 500 | _aIncludes index. | ||
| 650 | 0 |
_aEnglish language _xRhetoric _xHandbooks, manuals, etc. |
|
| 650 | 0 |
_aEnglish language _xGrammar _xHandbooks, manuals, etc. |
|
| 650 | 0 |
_aReport writing _xHandbooks, manuals, etc. |
|
| 700 | 1 |
_aAdams, Katherine H., _d1954- |
|
| 700 | 1 | _aKeene, Michael L. | |
| 942 |
_cBK _k808.042 KEE _2ddc |
||
| 999 |
_c9645 _d9645 |
||